Linguistic Genocide in Education or Worldwide Diversity and Human Rights (Record no. 14031)

MARC details
000 -LEADER
fixed length control field 00698nam a2200253 a 4500
020 ## - INTERNATIONAL STANDARD BOOK NUMBER
ISBN 8125034617
082 00 - DEWEY DECIMAL CLASSIFICATION NUMBER
Classification number 306.449
Author Cutter SKU
100 ## - MAIN ENTRY--AUTHOR NAME
Author name Skutnabb-Kangas, Tove
245 ## - TITLE STATEMENT
Title Linguistic Genocide in Education or Worldwide Diversity and Human Rights
260 ## - PUBLICATION, DISTRIBUTION, ETC. (IMPRINT)
Place of publication New Delhi
Name of publisher Orient Blackswan
Year of publication 2008
300 ## - PHYSICAL DESCRIPTION
Number of Pages 785p
500 ## - GENERAL NOTE
General note includes index and biblioraphy
505 2# - FORMATTED CONTENTS NOTE
Formatted contents note biblio, indices
650 ## - SUBJECT ADDED ENTRY--TOPICAL TERM
Topical Term Language and Politics
650 ## - SUBJECT ADDED ENTRY--TOPICAL TERM
Topical Term Language-Policy
942 ## - ADDED ENTRY ELEMENTS (KOHA)
Koha item type Books
700 1# -
-- Skutnabb-Kangas, Tove
Holdings
Collection code Home library Current library Date acquired Cost, normal purchase price Full call number Accession Number Koha item type
  Henry Martyn Institute Library Henry Martyn Institute Library 03/25/2009 995.00 306.449 SKU 022714 Books
                   Copyright © 2026 | Henry Martyn Institute | Hyderabad | TS-500052 | INDIA | Implemented by hmi.edu.in
Hit-Count:

Powered by Koha